Источник: в 2 кн.; пер. с англ.
| Auteur principal: | |
|---|---|
| Langue: | russe |
| Publié: |
Москва, Альпина Паблишер, 2015
|
| Édition: | 7-е изд. |
| Format: | MixedMaterials Livre |
| KOHA link: | https://koha.lib.tpu.ru/cgi-bin/koha/opac-detail.pl?biblionumber=252130 |
MARC
| LEADER | 00000nam1a2200000 4500 | ||
|---|---|---|---|
| 001 | 252130 | ||
| 005 | 20231031213740.0 | ||
| 035 | |a (RuTPU)RU\TPU\book\274452 | ||
| 090 | |a 252130 | ||
| 100 | |a 20140227d2015 m y0rusy50 ca | ||
| 101 | 1 | |a rus |c eng | |
| 102 | |a RU | ||
| 200 | 1 | |a Источник |e в 2 кн. |e пер. с англ. |f А. Рэнд | |
| 205 | |a 7-е изд. | ||
| 210 | |a Москва |c Альпина Паблишер |d 2015 | ||
| 700 | 1 | |a Рэнд |b А. |g Айн | |
| 801 | 1 | |a RU |b 63413507 |c 20140227 | |
| 801 | 2 | |a RU |b 63413507 |c 20160421 |g RCR | |
| 942 | |c BK | ||